01682nam a2200433 450000100060000000300020000600500170000800600190002500700150004400800410005902000150010003500230011503500240013803500250016203500210018704000260020805000240023408000100025808200120026810000200028024501750030026000470047530000150052244000460053750000690058350000890065253301640074160000430090560000410094865000260098965000210101565000260103665000210106265500270108370000270111070000300113771000190116785600620118677849020241217151420.0m o d | cr cn|||||||||201108r2003 sp |||||s|||||||||||spa d z8431321407 a(MiAaPQ)EBC3157579 a(Au-PeEL)EBL3157579 a(CaPaEBR)ebr10050304 a(OCoLC)928586996 aFlNmELBbspacFlNmELB 4aB738.T73bA252 2003 a101.104a1892221 aAersten, Jan A.10aFilosofía medieval y los trascendentalesh[recurso electronico] :bun estudio sobre Tomás de Aquino /cJan A. Aersten ; trad. Mónica Aguerri, María Idoya Zorroza. aPamplona :bUniversidad de Navarra,c2003. a[7-472] p. 0aPensamiento Medieval y Renacentista ;v52 aTítulo original : Medieval Philosophy and the Transcendentals. aContiene lista de la colección de Pensamiento Medieval y Renacentista (p.465-468). aRecurso electrónico. Santa Fe, Arg.: e-libro, 2015. Disponible vía World Wide Web. El acceso puede estar limitado para las bibliotecas afiliadas a e-libro.00aTomás de Aquino,cSanto,d1225-1274.00aThomas,cAquinas, Saint,d1225-1274. 0aFilosofía medieval. 0aTrascendentales. 0aPhilosophy, Medieval. 0aTranscendentals. 4aLibros electrónicos.1 aAguerri, Mónicaetr.1 aZorroza, Maria Idoyaetr.2 ae-libro, Corp.40uhttps://elibro.net/ereader/politecnicointernacional/47468